HZ. ALİ (Record no. 1136292)

MARC details
000 -LEADER
sabit uzunluktaki kontrol alanı 00238nam a2200097Ia 4500
001 - KONTROL NUMARASI
kontrol alanı 1136292
005 - EN SON İŞLEMİN TARİH VE ZAMANI
kontrol alanı 20250827005204.0
008 - SABİT-UZUNLUKTA VERİ ÖĞELERİ--GENEL BİLGİ
sabit uzunluktaki kontrol alanı 250824s9999 xx 000 0 und d
245 #0 - ESER / YAZAR
ESER ADI HZ. ALİ
Yazar Adı ORHAN YENİARAS
260 ## - YAYIN, DAĞITIM, VB.
YAYIN EVİ PANAMA YAYINLARI
Holdings
Düşüm durumu Kayıp durumu Hasar Durumu Ödünç verilmez Ana kütüphane Geçerli Kütüphane Edinilen tarih Toplam ödünç verme sayısı Barkod Son görüntüleme tarihi Fiyatın geçerli olmaya başladığı tarih Koha materyal türü
        MEHMET AKİF ERSOY ANADOLU LİSESİ MEHMET AKİF ERSOY ANADOLU LİSESİ 24.08.2025   10891155 27.08.2025 27.08.2025 Books